| 000 | 00810nam a2200241 a 4500 | ||
|---|---|---|---|
| 005 | 20231017063759.0 | ||
| 008 | 991125c1996 mx 000 0 spa u | ||
| 020 | _a9688806692 | ||
| 035 | _aUPN01000016673 | ||
| 049 | _aLT | ||
| 050 | 4 |
_aLB1631 M6.2 _bO7.3 |
|
| 100 | 1 | _aOrtiz Provenzal, Alma | |
| 245 | 1 | 0 |
_aDoorway 2 : _benglish for secondary students / _cAlma Ortiz Provenzal, Carmen Durán Kirchner |
| 260 |
_aMéxico : _bPrentice-Hall Hispanoamericana, _c1996 |
||
| 300 |
_axii, 113 p. : _bil., col. |
||
| 520 | _a"De acuerdo con los nuevos programas de la SEP" | ||
| 650 | 4 |
_aInglés _xEstudio y enseñanza (Secundaria) _95708 |
|
| 700 | 2 |
_aDurán Kirchner, Carmen, _ecoaut. |
|
| 902 | _aMV MARTHA VALENCIA | ||
| 902 | _aDMCV DORA MARIA CORTES VILLEGAS | ||
| 904 |
_aAC _b016674 |
||
| 905 | _aLibro | ||
| 999 |
_c16673 _d16673 |
||